00736pam a2200241 a 4500001000800000005001700008008004100025010001700066020001500083040002300098041000800121060001600129080001700145082002100162100000700183101000800190245005200198504005400250906004500304942001200349999001700361952011600378203424220180215074627.0920819s1993 nyua b 000 0 eng c a 92049349  a0070065462 aDNLM/DLCcDLCdDLC aeng aWM 40 V844c a616.8909 VIT00a616.8909 VIT2201 a48 aPSI10aCasebook in abnormal psychology /cJohn Vitkus. aIncludes bibliographical references (p. 257-282). a7bcbccorignewd1eocipf19gy-gencatlg 2ddccBK c42677d42677 00102udc40708PËKGa002b002cPËKGd2018-02-15l0o616.8909 VITp002-2998491r2018-02-15w2018-02-15yBK